00490nam a2200157Ia 4500008004100000020001800041082001400059100001600073245007700089250000700166260004500173300002400218500001900242600002100261650005000282240925s9999 xx 000 0 und d a9781680500851 a005.8 DUU aDuuna, Karl 0aSecure your node, js web application: keep attackers out and users happy aNA aDallas:bThe Pragmatic Bookshelfc,2016. a587p.b0fPhotocopy aIncludes Index aComputer Science aComputer science, information & general works